Better English (Record no. 1116)

MARC details
000 -LEADER
fixed length control field 00209nam a22000857a 4500
003 - CONTROL NUMBER IDENTIFIER
control field OSt
005 - DATE AND TIME OF LATEST TRANSACTION
control field 20170830141512.0
008 - FIXED-LENGTH DATA ELEMENTS--GENERAL INFORMATION
fixed length control field 160629b xxu||||| |||| 00| 0 eng d
040 ## - CATALOGING SOURCE
Transcribing agency book
100 ## - MAIN ENTRY--PERSONAL NAME
9 (RLIN) 1357
Personal name Lewis, N
245 ## - TITLE STATEMENT
Title Better English
260 ## - PUBLICATION, DISTRIBUTION, ETC. (IMPRINT)
Place of publication, distribution, etc. NEW DELHI
Name of publisher, distributor, etc. RAMESH
Date of publication, distribution, etc. 1986
300 ## - PHYSICAL DESCRIPTION
Extent Thisbook is written by norman lewis,teacher ans author of numerous bookon the language,is a sensibleand authoritative guide to grammer pronouncation and spelling.a book that takes the pedantry out of correct english.
942 ## - ADDED ENTRY ELEMENTS (KOHA)
Source of classification or shelving scheme Dewey Decimal Classification
Koha item type BOOK
Holdings
Withdrawn status Lost status Source of classification or shelving scheme Damaged status Not for loan Home library Current library Date acquired Total Checkouts Full call number Barcode Date last seen Price effective from Koha item type
    Dewey Decimal Classification     Good Samaritan School Library Good Samaritan School Library 06/29/2016   LEW402 B-5 LEW1913 06/29/2016 06/29/2016 BOOK

Powered by Koha